Edzná : Campeche, México /

Colección de diez folletos en que el arqueólogo Roberto García Moll aborda sobre 35 sitios arqueológicos de la antigua civilización maya, veinticinco de ellos ubicados en la península de Yucatán, seis más en los estados mexicanos de Chiapas y Tabasco y cuatro localizados en los países centroamerican...

Popoln opis

Shranjeno v:
Bibliografske podrobnosti
Glavni avtor: García Moll, Roberto (autor)
Format: Knjiga
Jezik:španščina
Izdano: México : Lecuona Films : INAH, 1992, c1992
Serija:(Maya ; 9)
Teme:
Oznake: Označite
Brez oznak, prvi označite!

MARC

LEADER 00000nam^a2200000^a^4500
001 000567854
005 20250526000000.0
009 20260310132136.216
037 |a Acervo ITESO - Biblioteca 
041 |a ESP 
082 |a 972. 81016  |b LEC V. 9 
100 |a García Moll, Roberto  |e (autor) 
240 1 1 |a [Maya] 
245 1 0 |a Edzná :  |b Campeche, México /  |c R. García Moll. 
264 4 |a México :  |b Lecuona Films :  |b INAH,  |c 1992, c1992 
300 |a [20 p.] ;  |c 16.5 cm. 
336 |a texto  |b txt  |2 rdacontenido 
337 |a sin mediación  |b n  |2 rdamedio 
338 |a volumen  |b nc  |2 rdasoporte 
440 1 |a (Maya ;  |v 9) 
520 |a Colección de diez folletos en que el arqueólogo Roberto García Moll aborda sobre 35 sitios arqueológicos de la antigua civilización maya, veinticinco de ellos ubicados en la península de Yucatán, seis más en los estados mexicanos de Chiapas y Tabasco y cuatro localizados en los países centroamericanos de Guatemala, Honduras y Belice. 
520 |a El noveno tomo de la colección presenta un recorrido por siete sitios mayas localizados en el estado de Campeche, correspondientes fundamentalmente al período clásico tardío (hacia los años 600-900): Edzná, Hochob, Santa Rosa Xtampak, Becán, Xpuhil, Chicanná y Calakmul. El folleto incluye también un índice-guía cronometrado de un documental, bibliografía y una tabla cronológica de la evolución histórica del Campeche prehispánico, con referencias paralelas a la historia del Viejo Mundo. 
649 |a XX 
650 |a Mayas -  |z Campeche -  |x Historia 
650 |a Mayas -  |z México -  |x Historia 
650 |a Mayas -  |x Historia -  |x Tema Principal 
650 |a Indígenas de México -  |z Campeche -  |x Historia 
650 |a Zonas Arqueológicas 
650 |a Arquitectura Maya -  |z Campeche -  |x Historia y Crítica 
650 |a Arquitectura Maya -  |z México -  |x Historia y Crítica 
650 |a Arquitectura Prehispánica -  |z Campeche -  |x Historia y Crítica 
650 |a Arquitectura Prehispánica -  |z México -  |x Historia y Crítica 
650 |a Arquitectura Mexicana -  |x Historia y Crítica 
650 |a Arte Maya -  |z Campeche -  |x Historia y Crítica 
650 |a Arte Maya -  |z México -  |x Historia y Crítica 
650 |a Arte Prehispánico -  |z Campeche -  |x Historia y Crítica 
650 |a Arte Prehispánico -  |z México -  |x Historia y Crítica 
650 |a Arte Mexicano -  |x Historia y Crítica 
650 |a Arqueología -  |z México 
650 |a Edzná, Campeche -  |x Descripción 
650 |a Hochob, Campeche -  |x Descripción 
650 |a Santa Rosa Xtampak, Campeche -  |x Descripción 
650 |a Xpuhil, Campeche -  |x Descripción 
650 |a Chicanná, Campeche -  |x Descripción 
650 |a Calakmul, Campeche (Zona Arqueológica) -  |x Descripción 
650 |a Campeche -  |x Descripción 
650 |a Campeche -  |x Historia -  |y Epoca Prehispánica -  |x Tema Principal 
650 |a México -  |x Historia -  |y Epoca Prehispánica 
910 |a Fondo General 
920 |a Impresos - Libros 
930 |a Libros Antiguos y Raros 
905 |a 108 
901 |a 0500024175  |b IT2  |c LRA  |u 20250526 
902 |a https://opac.biblio.iteso.mx/vufind/Record/000567854